1867 1899 1900 1408 1582 1819 1879 1537 1777 1509 1973 1071 1369 1908 1932 1257 1070 1632 1562 1763 1783 1319 1122 1972 1687 1106 1269 1050 1755 1023 1178 1484 1438 1219 1155 1143 1563 1599 1318 1585 1051 1664 1869 1960 1672 1309 1264 1100 1910 1702 1300 1002 1307 1550 1173 1630 1825 1546 1008 1316 1488 1531 1419 1454 1951 1393 1000 1114 1999 1933 1798 1397 1857 1316 1448 1545 1259 1689 1708 1006 1298 1909 1796 1606 1687 1966 1102 1108 1305 1824 1058 1690 1445 1996 1521 1811 1401 1117 1742 BCNSPRNW ULIB Ver.6.0+V

เปลี่ยนเป็นภาษาไทย

Change to English
 แสดงรายละเอียดบรรณานุกรม
  กลับหน้าหลัก

Brief Record : Get Marc (ISO 2709) : E-mail record : QR code < ปิดหน้าต่าง
LEADER : 00000nas 2200000uu 4500
001    13399122362
003     ULIB
008    020711s|||| th a 000 0 tha d
110    กระทรวงสาธารณสุข
245    สถานการณ์สุขภาพไทย /^cกระทรวงสาธารณสุข
260    นนทบุรี :^bกระทรวงสาธารณสุข,^cม.ป.ป.
310    ^aรายเดือน
850    ^aปีที่ 6 ฉบับที่ 1;ปีที่ 6 ฉบับที่ 2
945    ^p0^l0^i901140
945    ^p0^l0^i901141
รายการนี้ยังไม่มีแท็ก
คุณยังไม่ได้ล็อกอิน คุณสามารถมีกิจกรรมร่วมกับเว็บไซต์ได้ แต่ต้องล็อกอินก่อน ::
  ล็อกอิน

รายการสื่อสารสนเทศ (วารสาร)

ดูแบบ: กล่อง รายการ
ARRIVED
ปีที่ 6 ฉบับที่ 1
สถานที่: ห้องสมุดวิทยาเขตสวรรค์ประชารักษ์ >วารสาร
ARRIVED
ปีที่ 6 ฉบับที่ 2
สถานที่: ห้องสมุดวิทยาเขตสวรรค์ประชารักษ์ >วารสาร

BibComment


ยังไม่เคยถูกคอมเมนท์

คอมเมนท์ทรัพยากรรายการนี้
  คอมเมนท์: สถานการณ์สุขภาพไท..


 Copyright 2026. Bcnsprnw @Library